Maintenance strategy for oleo chemical plant : risk-based inspection and reliability centered maintenance approach /
Saved in:
| 主要作者: | |
|---|---|
| 格式: | Thesis 图书 |
| 语言: | English |
| 出版: |
2019.
|
| 主题: | |
| 标签: |
添加标签
没有标签, 成为第一个标记此记录!
|
| LEADER | 01676cam a2200361 i 4500 | ||
|---|---|---|---|
| 001 | u1123840 | ||
| 003 | SIRSI | ||
| 005 | 201910041200 | ||
| 008 | 191004s2019 my a m 000 0 eng | ||
| 040 | |a UMM |d UMJ |d AUM |e rda | ||
| 090 | |a TP7 |b UMP 2019 Ramm | ||
| 097 | |a TP7 |b UMP 2019 Ramm | ||
| 100 | 0 | |a Ramuna Mohamed, |e author. | |
| 245 | 1 | 0 | |a Maintenance strategy for oleo chemical plant : |b risk-based inspection and reliability centered maintenance approach / |c Ramuna Mohamed. |
| 264 | 1 | |c 2019. | |
| 300 | |a xxxiii, 487 leaves : |b illustrations ; |c 30 cm | ||
| 336 | |a text |2 rdacontent | ||
| 337 | |a unmediated |2 rdamedia | ||
| 337 | |a computer |2 rdamedia | ||
| 338 | |a volume |2 rdacarrier | ||
| 338 | |a computer disc |2 rdacarrier | ||
| 502 | |b Ph.D. |c Jabatan Kejuruteraan Kimia, Fakulti Kejuruteraan, Universiti Malaya |d 2019. | ||
| 504 | |a Bibliography: leaves 368-389. | ||
| 530 | |a Also issued in CD. | ||
| 650 | 0 | |a Industrial safety. | |
| 650 | 0 | |a Chemical plants |x Risk assessment |z Malaysia. | |
| 650 | 0 | |a Chemical plants |z Malaysia |x Safety measures. | |
| 710 | 2 | |a Universiti Malaya. |b Jabatan Kejuruteraan Kimia, |e degree granting institution. | |
| 596 | |a 1 7 25 | ||
| 900 | |a NSM AMA | ||
| 999 | |a TP7 UMP 2019 RAMM |w LC |c 1 |i A517375791 |f 14/10/2019 |g 1 |l STACKS |m P01UTAMA |r Y |s N |t TESIS |u 14/10/2019 |1 STEM |o .PUBLIC. Embargoed until 28.07.2021 |o .STAFF. | ||
| 999 | |a TP7 UMP 2019 RAMM |w LC |c 1 |i A517441875 |f 11/8/2020 |g 1 |l STACKS |m P07JURUTER |r Y |s Y |t TESIS |u 11/8/2020 |1 STEM |o .STAFF. Embargoed until 28/07/2021. Original agreement at the main library. | ||
| 999 | |a TP7 UMP 2019 RAMM |w LC |c 1 |i A517197274 |f 6/12/2021 |g 1 |l STACKS |m P25UMARCHI |r N |s Y |t CD |u 6/12/2021 |1 STEM |o .STAFF. MST-CD1299 | ||
